| 000 | 00673nam a2200205 i 4500 | ||
|---|---|---|---|
| 001 | 146732 | ||
| 003 | ES-MaACL | ||
| 005 | 20250815114259.0 | ||
| 007 | t| | ||
| 008 | 070917s1980 sp ||||1| spa d | ||
| 080 | _a636:615.33 | ||
| 100 | 1 |
_aTrolldenier, Hans. _9111488 |
|
| 245 | 1 | 0 |
_aAntibióticos en medicina veterinaria / _cHans Trolldenier ; traducido del alemán por José Romero Muñoz de Arenillas. |
| 260 |
_aZaragoza : _bAcribia, _c[1980] |
||
| 300 |
_a275 p. ; _c22 cm. |
||
| 650 | 1 | 7 |
_aAntibióticos en veterinaria _2embne _99850 |
| 700 | 1 |
_aRomero Muñoz de Arenillas, José. _999418 |
|
| 852 |
_aES-MaACL _jL-4800 _bR.105503 |
||
| 999 |
_c146732 _d146732 |
||